000 00679nam a2200205Ia 4500
003 GCL
008 140319s9999 xx 000 0 ara d
040 _aGCL /
_cGCL
082 0 4 _a219.3
_bم م
100 1 _aمحمد عمارة
245 1 0 _aمسلمون ثوار (هدية من الاديب عبدالفتاح الجمل) /
_cمحمد عمارة
300 _a177 ص
490 _aكتاب الهلال
_v0
650 0 4 _aالاسلام
650 0 4 _aالاسلام والاصلاح الاجتماعى
650 0 4 _aالاسلام والاصلاح السياسى
650 0 4 _aالاسلام - تراجم
650 0 4 _aالاسلام والسياسة
942 _2ddc
_cBK
999 _c47039
_d47039